000 00629nam a2200277Ia 4500
005 20260324144543.0
008 008 260324s9999 xx 000 0 eng d
020 _a9781003376330
037 _aEBOOK
040 _aCRL
040 _beng
040 _cCRL
041 _2eng
041 _aeng
084 _qCRL
100 _aPeter B. Ainsworth; Ken Pease
_91219748
245 0 _aPolice Work
260 _bTaylor and Francis
260 _c1987
365 _a
365 _b140
856 _uhttp://www.taylorfrancis.com/books/9781003376330
942 _cEBOOK
999 _c1826501
_d1826501